000 00549nam a2200181Ia 4500
003 GCL
008 140319s9999 xx 000 0 ara d
040 _aGCL /
_cGCL
082 0 4 _a813.03
_bف ر
100 1 _aفتحى غانم
245 1 0 _aالرجل المناسب /
_cفتحى غانم
260 _aالقاهرة :
_bالهيئة المصرية العامة للكتاب ،
_c1984
300 _a110 ص ؛
_c18 سم
490 _aمختارات فصول
_v0
650 0 4 _aالادب العربى
650 0 4 _aالادب
942 _2ddc
_cBK
999 _c39757
_d39757